000 00709nmm a2200253 a 4500
003 AR-X00000XY
005 20251128211945.0
008 297020s1999 ||||||||||||||000 | spa||
020 _a0-582-32794-6
040 _cAR-X00000XY
245 1 0 _aZak's activity dictionary
260 _aHarlow
_bLongman
_c1999
300 0 _a64 p.
_bil.
500 0 _aNivel elemental
500 0 _aIncluye 2 planchas con 100 stickers
500 0 _aLibro de actividades para el aprendizaje del inglés británico
650 4 _aENSENANZA DE IDIOMAS
650 4 _aINGLES
650 4 _aACTIVIDADES DE APRENDIZAJE
650 4 _aLIBROS PARA NINOS
700 1 _aSummers, Della
_edirector
942 _cBK
998 _cNancy
999 _c21791
_d21791